El espacio público como ideología

Salvato in:
Dettagli Bibliografici
Autore principale: Delgado, Manuel (Autore)
Natura: Libro
Lingua:spagnolo
Pubblicazione: Madrid Los Libros de la Catarata 2011
Serie:Los Libros de la Catarata, 363
Soggetti:
Tags: Aggiungi Tag
Nessun Tag, puoi essere il primo ad aggiungerne!!

MARC

LEADER 00000cam a2200000 a 4500
001 UCG9827
003 CL-VaPUC
008 120405e20110000SP |||||||||||||||||spa|d
020 |a 9788483195956 
082 0 4 |a 306  |b DEL  |2 21 
100 0 |a Delgado, Manuel  |e author  |9 561532 
245 1 3 |a El espacio público como ideología 
300 |a 109 p 
942 |c BK 
945 |d 20120405 00:00:00  |a dcastane 
260 |a Madrid  |b Los Libros de la Catarata  |c 2011 
650 0 |a Antropología   |9 233030 
650 0 |a Urbanismo  |9 255208 
650 0 |a Ciudades  |9 265474 
650 0 |a Grupos sociales  |9 268887 
650 7 |a ESPACIO PUBLICO  |2 CL-VaPUC  |9 561533 
583 |a last modification  |c 20120405 11:40:00  |k Rodrigo Vera 
490 0 |a Los Libros de la Catarata, 363 
999 |c 347364  |d 347362 
952 |0 0  |1 0  |4 0  |6 306_000000000000000_DEL_2011  |7 0  |8 A  |9 448643  |a BIBARQ  |b BIBARQ  |d 2019-11-22  |i 4855116  |o 306 DEL 2011  |p 4855116  |r 2025-01-20  |w 2019-11-22  |y BK  |k ARQ